Những người tôi quí mến

Đã lưu trong:
Bibliografiske detaljer
Hovedforfatter: PHAN QUANG
Format: Bog
Sprog:Undetermined
Udgivet: H. Hội Nhà Văn 2002
Fag:
Tags: Tilføj Tag
Ingen Tags, Vær først til at tagge denne postø!
Thư viện lưu trữ: Trung tâm Học liệu Trường Đại học Cần Thơ
LEADER 00472nam a2200169Ia 4500
001 CTU_50186
008 210402s9999 xx 000 0 und d
082 |a 895.9223 
082 |b Qu106 
100 |a PHAN QUANG 
245 0 |a Những người tôi quí mến 
245 0 |c PHAN QUANG 
260 |a H. 
260 |b Hội Nhà Văn 
260 |c 2002 
650 |a vietnamese literature - 20th century 
980 |a Trung tâm Học liệu Trường Đại học Cần Thơ